Anglická gramatika jednoduše /

Hlavní autor: Stevens, John
Jazyk: Čeština
Angličtina
Vydáno: Praha : Grada, 2008
Vydání: 1. vyd.
Edice: Velmi lehce
Témata:
Fyzický popis: 175 s. : il. ; 23 cm
Knihy
Uloženo v:
LEADER 01457nam a2200457 a 4500
001 nkc20071758173
003 CZ PrNK
005 20080414154751.0
007 ta
008 071010s2008 xr a g p 001 0 cze
015 |a cnb001758173 
020 |a 978-80-247-2289-4  |q (váz.) 
035 |a (OCoLC)228595310 
040 |a BOA001  |b cze  |d ABA001 
041 1 |a cze  |a eng  |h ger 
072 7 |a 811.111  |x Angličtina  |2 Konspekt  |9 11 
072 7 |a 37.016  |x Učební osnovy. Vyučovací předměty. Učebnice  |2 Konspekt  |9 22 
080 |a 811.111  |2 MRF 
080 |a 81'36  |2 MRF 
080 |a (075)  |2 MRF 
100 1 |a Stevens, John  |7 mzk2007408184  |4 aut 
245 1 0 |a Anglická gramatika jednoduše /  |c John Stevens ; [přeložil[a] Ivana Zapletalová] 
250 |a 1. vyd. 
260 |a Praha :  |b Grada,  |c 2008 
300 |a 175 s. :  |b il. ;  |c 23 cm 
490 1 |a Velmi lehce 
500 |a Přeloženo z němčiny 
500 |a Obsahuje rejstřík 
650 0 7 |a angličtina  |7 ph114056  |2 czenas 
650 0 7 |a mluvnice  |7 ph115331  |2 czenas 
650 0 9 |a English language  |2 eczenas 
650 0 9 |a grammar  |2 eczenas 
655 7 |a učebnice  |7 fd133770  |2 czenas 
655 9 |a textbooks  |2 eczenas 
765 0 |t Power Grammatik Englisch  |9 Česky 
830 0 |a Velmi lehce  |0 s 
910 2 |a BOA001  |b 2-1197.885 
990 |a BK 
995 |a 01 
991 |b 200802  |c NOV 
996 6 |b 2610330857  |c 2-1197.885  |l MZK  |r Sklad / do 1 hodiny  |n 5  |p p.v.  |w 000882776  |u 000010  |a 1  |e BOA001  |j MZK50  |s P